MARC details
| 000 -LEADER |
| fixed length control field |
03219cam a2200517 a 4500 |
| 001 - CONTROL NUMBER |
| control field |
ocm51107332 |
| 003 - CONTROL NUMBER IDENTIFIER |
| control field |
TZ-ArACH |
| 005 - DATE AND TIME OF LATEST TRANSACTION |
| control field |
2013051009529.0 |
| 008 - FIXED-LENGTH DATA ELEMENTS--GENERAL INFORMATION |
| fixed length control field |
030627s2003 enk b 001 0 eng |
| 010 ## - LIBRARY OF CONGRESS CONTROL NUMBER |
| LC control number |
2003269355 |
| 015 ## - NATIONAL BIBLIOGRAPHY NUMBER |
| National bibliography number |
GBA2-T7405 |
| 020 ## - INTERNATIONAL STANDARD BOOK NUMBER |
| International Standard Book Number |
052152928X |
| 020 ## - INTERNATIONAL STANDARD BOOK NUMBER |
| International Standard Book Number |
9780521529280 |
| 035 ## - SYSTEM CONTROL NUMBER |
| System control number |
(OCoLC)51107332 |
| 040 ## - CATALOGING SOURCE |
| Original cataloging agency |
DLC |
| Language of cataloging |
eng |
| Transcribing agency |
TZ-ArACH |
| Modifying agency |
UKM |
| -- |
VA@ |
| -- |
J2H |
| -- |
CKK |
| -- |
AFQ |
| -- |
BAKER |
| -- |
NLGGC |
| -- |
BTCTA |
| -- |
YDXCP |
| -- |
LVB |
| -- |
OCLCG |
| -- |
CRU |
| -- |
HEBIS |
| -- |
BLBSF |
| -- |
OCLCQ |
| -- |
ZWZ |
| -- |
ITJCU |
| -- |
BDX |
| 041 ## - LANGUAGE CODE |
| Language code of text/sound track or separate title |
Eng |
| 049 ## - LOCAL HOLDINGS (OCLC) |
| Holding library |
TZAA |
| 050 14 - LIBRARY OF CONGRESS CALL NUMBER |
| Classification number |
KZ6369 |
| Item number |
.H87 |
| 082 04 - DEWEY DECIMAL CLASSIFICATION NUMBER |
| Classification number |
341.584 |
| Edition number |
21 |
| 245 00 - TITLE STATEMENT |
| Title |
Humanitarian intervention : ethical, legal, and political dilemmas / |
| Remainder of title |
ethical, legal, and political dilemmas / |
| Statement of responsibility, etc |
edited by J.L. Holzgrefe and Robert O. Keohane. |
| 260 ## - PUBLICATION, DISTRIBUTION, ETC. (IMPRINT) |
| Place of publication, distribution, etc |
Cambridge ; |
| -- |
New York : |
| Name of publisher, distributor, etc |
Cambridge University Press, |
| Date of publication, distribution, etc |
2003. |
| 300 ## - PHYSICAL DESCRIPTION |
| Extent |
xii, 350 p. ; |
| Dimensions |
24 cm. |
| 504 ## - BIBLIOGRAPHY, ETC. NOTE |
| Bibliography, etc |
Includes bibliographical references (p. 322-335) and index. |
| 505 00 - FORMATTED CONTENTS NOTE |
| Title |
The humanitarian intervention debate / |
| Statement of responsibility |
J.L. Holzgrefe -- |
| Title |
Humanitarian intervention before and after 9/11 : legality and legitimacy / |
| Statement of responsibility |
Tom J. Farer -- |
| Title |
The liberal case for humanitarian intervention / |
| Statement of responsibility |
Fernando R. Tesón -- |
| Title |
Reforming the international law of humanitarian intervention / |
| Statement of responsibility |
Allen Buchanan -- |
| Title |
Changing the rules about rules? : unilateral humanitarian intervention and the future of international law / |
| Statement of responsibility |
Michael Byers, |
| -- |
Simon Chesterman -- |
| Title |
Interpretation and change in the law of humanitarian intervention / |
| Statement of responsibility |
Thomas M. Franck -- |
| Title |
Rethinking humanitarian intervention : the case for incremental change / |
| Statement of responsibility |
Jane Stromseth -- |
| Title |
Political authority after intervention : gradations in sovereignty / |
| Statement of responsibility |
Robert O. Keohane -- |
| Title |
State failure and nation-building / |
| Statement of responsibility |
Michael Ignatieff. |
| 520 3# - SUMMARY, ETC. |
| Summary, etc |
Analisa a intervenção humanitária do ponto de vista ético, legal e político. |
| 650 #0 - SUBJECT ADDED ENTRY--TOPICAL TERM |
| Topical term or geographic name as entry element |
Humanitarian intervention. |
| 9 (RLIN) |
10100 |
| 650 #0 - SUBJECT ADDED ENTRY--TOPICAL TERM |
| Topical term or geographic name as entry element |
Humanitarian intervention |
| General subdivision |
Moral and ethical aspects. |
| 9 (RLIN) |
10101 |
| 650 #0 - SUBJECT ADDED ENTRY--TOPICAL TERM |
| Topical term or geographic name as entry element |
Humanitarian intervention |
| General subdivision |
Political aspects. |
| 9 (RLIN) |
10102 |
| 650 #0 - SUBJECT ADDED ENTRY--TOPICAL TERM |
| Topical term or geographic name as entry element |
Humanitarian law. |
| 9 (RLIN) |
10103 |
| 650 #6 - SUBJECT ADDED ENTRY--TOPICAL TERM |
| Topical term or geographic name as entry element |
Droit d'ingérence humanitaire |
| General subdivision |
Aspect moral. |
| 9 (RLIN) |
10104 |
| 650 #6 - SUBJECT ADDED ENTRY--TOPICAL TERM |
| Topical term or geographic name as entry element |
Droit d'ingérence humanitaire |
| General subdivision |
Aspect politique. |
| 9 (RLIN) |
10105 |
| 650 #6 - SUBJECT ADDED ENTRY--TOPICAL TERM |
| Topical term or geographic name as entry element |
Intervention (Droit international) |
| 9 (RLIN) |
10106 |
| 650 07 - SUBJECT ADDED ENTRY--TOPICAL TERM |
| Topical term or geographic name as entry element |
Humanitäre Intervention. |
| 9 (RLIN) |
10107 |
| 650 #7 - SUBJECT ADDED ENTRY--TOPICAL TERM |
| Topical term or geographic name as entry element |
Organisations non gouvernementales. |
| Source of heading or term |
ram |
| 9 (RLIN) |
10108 |
| 650 #7 - SUBJECT ADDED ENTRY--TOPICAL TERM |
| Topical term or geographic name as entry element |
Droit humanitaire. |
| Source of heading or term |
ram |
| 9 (RLIN) |
10109 |
| 650 #7 - SUBJECT ADDED ENTRY--TOPICAL TERM |
| Topical term or geographic name as entry element |
Intervention (droit international). |
| Source of heading or term |
ram |
| 9 (RLIN) |
10110 |
| 650 #7 - SUBJECT ADDED ENTRY--TOPICAL TERM |
| Topical term or geographic name as entry element |
Droit d'ingérence humanitaire. |
| Source of heading or term |
ram |
| 9 (RLIN) |
10111 |
| 700 1# - ADDED ENTRY--PERSONAL NAME |
| Personal name |
Holzgrefe, J. L. |
| 9 (RLIN) |
10112 |
| 700 1# - ADDED ENTRY--PERSONAL NAME |
| Personal name |
Keohane, Robert O. |
| Fuller form of name |
(Robert Owen), |
| Dates associated with a name |
1941- |
| 9 (RLIN) |
10113 |
| 856 41 - ELECTRONIC LOCATION AND ACCESS |
| Materials specified |
Sample text |
| Uniform Resource Identifier |
<a href="http://catdir.loc.gov/catdir/samples/cam034/2003269355.html">http://catdir.loc.gov/catdir/samples/cam034/2003269355.html</a> |
| 856 42 - ELECTRONIC LOCATION AND ACCESS |
| Materials specified |
Publisher description |
| Uniform Resource Identifier |
<a href="http://catdir.loc.gov/catdir/description/cam032/2003269355.html">http://catdir.loc.gov/catdir/description/cam032/2003269355.html</a> |
| 856 41 - ELECTRONIC LOCATION AND ACCESS |
| Materials specified |
Table of contents |
| Uniform Resource Identifier |
<a href="http://catdir.loc.gov/catdir/toc/cam032/2003269355.html">http://catdir.loc.gov/catdir/toc/cam032/2003269355.html</a> |
| 856 42 - ELECTRONIC LOCATION AND ACCESS |
| Materials specified |
Contributor biographical information |
| Uniform Resource Identifier |
<a href="http://catdir.loc.gov/catdir/enhancements/fy0732/2003269355-b.html">http://catdir.loc.gov/catdir/enhancements/fy0732/2003269355-b.html</a> |
| 942 ## - ADDED ENTRY ELEMENTS (KOHA) |
| Source of classification or shelving scheme |
Library of Congress Classification |
| Koha item type |
Books |